| 000 | 00423nab a2200145Ia 4500 | ||
|---|---|---|---|
| 003 | ES-SlBCS | ||
| 005 | 20210601131724.0 | ||
| 008 | 140529s1954 xxu||||| |||| 00| 0 fre d | ||
| 041 | _afre | ||
| 100 | 1 |
_aRounault, Jean _9188290 |
|
| 245 | 0 | 0 |
_aStratégie et tactique de la coexistence _c Jean Rounault |
| 650 | 0 | 4 |
_aCoexistencia _9188291 |
| 773 | 0 |
_tVie Intelectuelle (La) _gnº. 1, 1954, págs. 80-84 _wRev907 |
|
| 942 | _cAR | ||
| 999 |
_c567641 _d567641 |
||